00663nam a2200181 i 450000100060000000300090000600500170001500700030003200800410003502000180007608000130009424501560010726000790026330000220034265000420036471000530040685200220045913656ES-MaACL20250822031115.0t|980318s1997 fr |||| | spa j a2-912246-01-6 a37.015.303aLa persona y su crecimiento b: fundamentos antropológicos y psicológicos de la formación PRH / cobra colectiva realizada por PRH-Internacional. aPoitiers : bPersonalidad y Relaciones Humanas-Internacional, cD.L. 1997. a301 p. ; c24 cm.17aPsicología de la educación2embne2 aPersonalidad y Relaciones Humanas-Internacional. aES-MaACLjL-21039